| 000 | 00904nam a2200289 i 4500 | ||
|---|---|---|---|
| 001 | 18419 | ||
| 003 | ES-MaACL | ||
| 005 | 20250831063031.0 | ||
| 007 | t| | ||
| 008 | 011107s2001 sp ||||1| spa d | ||
| 020 | _a84-8432-252-1 | ||
| 080 | _a940 | ||
| 100 | 1 |
_aFebvre, Lucien, _d1878-1956 _949047 |
|
| 245 | 1 | 0 |
_aEuropa, génesis de una civilización / _cLucien Febvre ; prólogo de Marc Ferro ; traducción castellana de Juan Vivanco. |
| 260 |
_aBarcelona : _bCrítica, _c[2001] |
||
| 300 |
_a278 p. ; _c23 cm. |
||
| 490 | 1 |
_aLibros de historia (Crítica) _9242037 |
|
| 500 | _aÍndices. | ||
| 651 |
_aEuropa- _xHistoria. _98599 |
||
| 651 | 4 |
_aEuropa- _xCivilización. _98584 |
|
| 700 | 1 |
_aFerro, Marc. _950595 |
|
| 700 | 1 |
_aVivanco, Juan. _9115540 |
|
| 830 | 0 |
_aLibros de historia (Crítica) _9242037 |
|
| 852 |
_aES-MaACL _jL-25049 |
||
| 942 | _2udc | ||
| 999 |
_c18419 _d18419 |
||